Statistics for Indian Premier League (IPL) Cricket Teams

Click here to take the quiz!

General Stats

  • This quiz has been taken 3,263 times
    (3,261 since last reset)
  • The average score is 7 of 9

Answer Stats

Team % Correct
Chennai Super Kings
91%
Mumbai Indians
91%
Kolkata Knight Riders
82%
Delhi Daredevils
79%
Royal Challengers Bangalore
78%
Rajasthan Royals
73%
Kings XI Punjab
63%
Deccan Chargers
62%
Pune Warriors
58%

Score Distribution

Percentile by Number Answered

Percent of People with Each Score

Your Score History

You have not taken this quiz since the last reset